[Event "Olimpiade 2014 - Open"]
[Site "Tromsø"]
[Date "14.08.2014"]
[Round "11.54"]
[Board "2"]
[White "Lorne, Malaku"]
[Black "Miswadah, Baha"]
[Result "1-0"]
[WhiteElo "2056"]
[BlackElo "1803"]
[WhiteTeam "Jamaica"]
[BlackTeam "Palestine"]
[WhiteFideId "7400330"]
[BlackFideId "11502118"]
[EventDate "2014.08.02"]

1. d4 d5 2. c4 e6 3. Nc3 c6 4. e4 dxe4 5. Nxe4 Bb4+ 6. Nc3 Nf6 7. Nf3 Ne4 8. Qc2
Qa5 9. Bd2 Nxd2 10. Qxd2 O-O 11. Bd3 Nd7 12. O-O Nf6 13. Qc2 Bd6 14. Rfe1 Qc7
15. Rad1 b6 16. Ne5 Bb7 17. Qe2 a6 18. Nf3 Rfe8 19. h3 c5 20. dxc5 Bxc5 21. Ng5
Rad8 22. Nce4 Nxe4 23. Bxe4 Bxe4 24. Qxe4 g6 25. Qh4 h5 26. Ne4 Be7 27. Nf6+
Bxf6 28. Qxf6 Rxd1 29. Rxd1 Qxc4 30. Rd7 Rf8 31. a3 Qc6 32. Rd3 Qb5 33. Rf3 e5
34. g4 h4 35. b4 Qe2 36. Re3 Qd1+ 37. Kh2 Qd4 38. Qxh4 Qf4+ 39. Kg2 f6 40. Rf3
Qe4 41. Kg3 Kg7 42. Rc3 Rf7 43. Rc8 Rf8 44. Rc7+ Rf7 45. Rxf7+ Kxf7 46. Qh7+ Kf8
47. Qh6+ Kf7 48. Qc1 Qb7 49. Qc4+ Kg7 50. h4 b5 51. Qe6 e4 52. Kf4 Qa7 53. Kg3
Qb7 54. h5 Qc7+ 55. Kg2 Qb7 56. g5 fxg5 57. Qxg6+ Kh8 58. Qh6+ Kg8 59. Qxg5+ Kh8
60. Qf6+ Kh7 61. Kg3 Qd5 62. Qg6+ Kh8 63. h6 Qe5+ 64. Kg2 e3 65. Qg7+ Qxg7+ 66.
hxg7+ Kxg7 67. fxe3 Kf6 68. Kf3 Kf5 69. e4+ Ke5 70. Ke3 Ke6 71. Kd4 Kd6 72. e5+
Ke6 73. Ke4 Ke7 74. Kd5 Kd7 75. e6+ Ke7 76. Ke5 Ke8 77. Kd6 Kd8 78. e7+ Ke8 79.
Ke6 1-0

[Event "Olimpiade 2014 - Open"]
[Site "Tromsø"]
[Date "14.08.2014"]
[Round "11.54"]
[Board "3"]
[White "Tamra, Attallah"]
[Black "Mellace, Andrew"]
[Result "0-1"]
[WhiteElo "2081"]
[BlackElo "2087"]
[WhiteTeam "Palestine"]
[BlackTeam "Jamaica"]
[WhiteFideId "11500255"]
[BlackFideId "7400055"]
[EventDate "2014.08.02"]

1. Nf3 d5 2. b3 Nf6 3. Bb2 Nbd7 4. c4 e6 5. g3 Be7 6. Bg2 O-O 7. O-O c6 8. Nc3
Re8 9. d3 e5 10. e3 a6 11. Rc1 Bd6 12. Qc2 Nf8 13. h3 Ng6 14. a3 Qe7 15. b4 a5
16. c5 Bc7 17. Rfe1 Bd7 18. Nd2 axb4 19. axb4 b6 20. cxb6 Bxb6 21. b5 Rac8 22.
bxc6 Bxc6 23. Qb3 Qb7 24. Nb5 Bxe3 25. Rxc6 Qxc6 26. Rc1 Qb6 27. Rxc8 Bxf2+ 28.
Kh2 Rxc8 29. Bxd5 Nxd5 30. Qxd5 Bg1+ 31. Kh1 Qf2 32. Nf3 Rc2 33. Nd6 Qg2# 0-1

[Event "Olimpiade 2014 - Open"]
[Site "Tromsø"]
[Date "14.08.2014"]
[Round "11.55"]
[Board "1"]
[White "Phillips, Roy"]
[Black "Gaealafshwe, Barileng"]
[Result "1-0"]
[WhiteTitle "FM"]
[BlackTitle "CM"]
[WhiteElo "2272"]
[BlackElo "2222"]
[WhiteTeam "Mauritius"]
[BlackTeam "Botswana"]
[WhiteFideId "404136"]
[BlackFideId "11300310"]
[EventDate "2014.08.02"]

1. d4 d5 2. c4 e6 3. Nf3 Nf6 4. g3 Be7 5. Bg2 O-O 6. O-O c6 7. Qc2 Nbd7 8. Rd1
b6 9. b3 Bb7 10. Bb2 Ne4 11. Nbd2 f5 12. Ne1 Ndf6 13. Nd3 Nxd2 14. Qxd2 Ne4 15.
Qe1 Bd6 16. f3 Nf6 17. Rac1 Qe7 18. c5 bxc5 19. Nxc5 Bxc5 20. Rxc5 Nd7 21. Ra5
Qd8 22. e3 Qb6 23. Ba3 Rfc8 24. Bc5 Nxc5 25. Rxc5 a5 26. a3 Rcb8 27. Rb1 Bc8 28.
Qc3 Bd7 29. e4 Re8 30. b4 axb4 31. Rxb4 Qa7 32. a4 Reb8 33. a5 Rxb4 34. Qxb4 Rb8
35. Qa3 Rb1+ 36. Kf2 fxe4 37. fxe4 Bc8 38. exd5 exd5 39. Bxd5+ Kh8 40. Rc4 1-0

[Event "Olimpiade 2014 - Open"]
[Site "Tromsø"]
[Date "14.08.2014"]
[Round "11.55"]
[Board "2"]
[White "Njobvu, Ignatius"]
[Black "Chinasamy, Devarajen"]
[Result "1-0"]
[WhiteTitle "FM"]
[BlackTitle "CM"]
[WhiteElo "2193"]
[BlackElo "2085"]
[WhiteTeam "Botswana"]
[BlackTeam "Mauritius"]
[WhiteFideId "11300132"]
[BlackFideId "9700072"]
[EventDate "2014.08.02"]

1. Nf3 Nf6 2. c4 e6 3. g3 b6 4. Bg2 Bb7 5. O-O Be7 6. d4 O-O 7. Nc3 d5 8. Ne5
Nbd7 9. Bf4 Nxe5 10. dxe5 Ne4 11. Nxe4 dxe4 12. Qc2 f5 13. exf6 Bxf6 14. Bxe4
Bxe4 15. Qxe4 Bxb2 16. Qxe6+ Kh8 17. Rad1 Qe8 18. Qxe8 Rfxe8 19. Rd2 Bc3 20. Rc2
Be5 21. Rd1 Bxf4 22. gxf4 Re7 23. Kg2 Kg8 24. Kf3 Kf7 25. Rcd2 Rae8 26. Rd7 Ke6
27. Rxe7+ Rxe7 28. e4 g6 29. Ke3 a6 30. Rd5 Rf7 31. c5 Rf8 32. c6 Rf7 33. a4 a5
34. h4 Rg7 35. Rd8 Re7 36. f3 Rf7 37. e5 h6 38. Ke4 Rg7 39. Rh8 h5 40. Rf8 Ke7
41. Rh8 Ke6 42. Rc8 Re7 43. Rf8 Rg7 44. Rf6+ Ke7 45. f5 gxf5+ 46. Rxf5 Rg6 47.
Kd5 Rh6 48. f4 Rh8 49. Rg5 Kf7 50. Ke4 Rh6 51. Kd5 Rh8 52. f5 Rd8+ 53. Ke4 Rh8
54. e6+ Kf6 55. Rg6+ Ke7 1-0

[Event "Olimpiade 2014 - Open"]
[Site "Tromsø"]
[Date "14.08.2014"]
[Round "11.55"]
[Board "3"]
[White "Li Ying, Patrick"]
[Black "Khetho, Phemelo"]
[Result "1/2-1/2"]
[WhiteTitle "CM"]
[BlackTitle "FM"]
[WhiteElo "2125"]
[BlackElo "2195"]
[WhiteTeam "Mauritius"]
[BlackTeam "Botswana"]
[WhiteFideId "9700056"]
[BlackFideId "11300280"]
[EventDate "2014.08.02"]

1. d4 Nf6 2. Nf3 g6 3. c4 Bg7 4. Nc3 O-O 5. e4 d6 6. Be2 Na6 7. O-O e5 8. dxe5
dxe5 9. Qc2 Qe7 10. a3 Bg4 11. Be3 c6 12. b4 Nh5 13. h3 Bxf3 14. Bxf3 Nf4 15.
Rad1 Ne6 16. Ne2 Nac7 17. Rd2 a5 18. Qb3 axb4 19. axb4 Na6 20. Rb1 Rfd8 21.
Rxd8+ Rxd8 22. b5 Nac5 23. Qa3 Bf8 24. bxc6 bxc6 25. Qa1 Ng5 26. Rb6 Nxf3+ 27.
gxf3 Qe6 28. Ng3 Nd7 29. Rb7 Qxh3 30. Qd1 Be7 31. Nf5 gxf5 32. Rxd7 Rxd7 33.
Qxd7 Bf8 34. Qe8 fxe4 35. Bc5 Qh6 36. fxe4 Qg7+ 37. Kf1 h5 38. Bxf8 Qxf8 39.
Qxe5 Qh6 40. Kg2 Qg6+ 41. Kh2 Kh7 42. c5 Qg4 43. Qf6 Qxe4 44. Qxf7+ Kh6 45. Qf6+
Kh7 46. Qf7+ 1/2-1/2

[Event "Olimpiade 2014 - Open"]
[Site "Tromsø"]
[Date "14.08.2014"]
[Round "11.55"]
[Board "4"]
[White "Olebile, Thato"]
[Black "Koster, Jeroen Louis"]
[Result "1-0"]
[WhiteTitle "CM"]
[WhiteElo "2144"]
[BlackElo "1846"]
[WhiteTeam "Botswana"]
[BlackTeam "Mauritius"]
[WhiteFideId "11300760"]
[BlackFideId "9700161"]
[EventDate "2014.08.02"]

1. d4 d5 2. c4 e6 3. Nf3 Be7 4. Nc3 Nf6 5. Bg5 O-O 6. e3 h6 7. Bh4 Ne4 8. Bxe7
Qxe7 9. Nxe4 dxe4 10. Nd2 e5 11. d5 f5 12. Be2 Nd7 13. Qc2 Nf6 14. Nb1 f4 15.
Qd2 Bg4 16. h3 Bh5 17. Nc3 f3 18. gxf3 exf3 19. Bd3 Nd7 20. O-O-O Nc5 21. Bc2 a5
22. Rhg1 a4 23. Rg3 Kh8 24. Rdg1 Rg8 25. e4 Qh4 26. Kb1 Qf4 27. Qe1 Bf7 28. Rg4
Qf6 29. Qe3 b6 30. Nb5 Rac8 31. Na7 Ra8 32. Nc6 Bh5 33. R4g3 Qf4 34. Qe1 a3 35.
b3 g5 36. Ne7 Rgf8 37. h4 g4 38. Rxg4 Qf6 39. Ng6+ Bxg6 40. Rxg6 Qf4 41. R1g4 1-0

[Event "Olimpiade 2014 - Open"]
[Site "Tromsø"]
[Date "14.08.2014"]
[Round "11.56"]
[Board "1"]
[White "Machin Rivera, Mark"]
[Black "De La Riva Aguado, Oscar"]
[Result "1/2-1/2"]
[WhiteTitle "FM"]
[BlackTitle "GM"]
[WhiteElo "2341"]
[BlackElo "2523"]
[WhiteTeam "Puerto Rico"]
[BlackTeam "Andorra"]
[WhiteFideId "3101126"]
[BlackFideId "6900224"]
[EventDate "2014.08.02"]

1. c4 g6 2. g3 Bg7 3. Bg2 d6 4. Nc3 f5 5. d3 c6 6. e4 Nf6 7. Nge2 O-O 8. O-O a5
9. h3 Na6 10. Be3 Rb8 11. Ba7 Ra8 12. Be3 e5 13. Qd2 Be6 14. Rad1 Rb8 15. exf5
gxf5 16. f4 Qe8 17. Na4 b5 18. fxe5 dxe5 19. Nc5 Nxc5 20. Bxc5 Rf7 21. Bd6 Rd8
22. c5 Nd5 23. Rde1 b4 24. Nc1 Rxd6 25. cxd6 Qd7 26. Nb3 Qxd6 27. Qc1 Ne7 28.
Nxa5 Qxd3 29. Nxc6 Qxg3 30. Rf3 Qh4 31. Ref1 Nxc6 32. Qxc6 Qd4+ 33. R3f2 Rf6 34.
Kh1 h6 35. Qe8+ Kh7 36. a4 bxa3 37. bxa3 e4 38. Qh5 Qe3 39. a4 Bc4 40. Rxf5 Bxf1
41. Rxf1 Rxf1+ 1/2-1/2

[Event "Olimpiade 2014 - Open"]
[Site "Tromsø"]
[Date "14.08.2014"]
[Round "11.56"]
[Board "2"]
[White "Simonet, Marc"]
[Black "Almedina Ortiz, Edgardo J."]
[Result "1-0"]
[WhiteTitle "FM"]
[BlackTitle "FM"]
[WhiteElo "2222"]
[BlackElo "2277"]
[WhiteTeam "Andorra"]
[BlackTeam "Puerto Rico"]
[WhiteFideId "6900127"]
[BlackFideId "3100197"]
[EventDate "2014.08.02"]

1. d4 Nf6 2. c4 g6 3. Nc3 Bg7 4. e4 d6 5. Nf3 O-O 6. Be2 e5 7. O-O Nc6 8. d5 Ne7
9. b4 Nh5 10. g3 a5 11. Ba3 f5 12. Ng5 Bf6 13. Bxh5 Bxg5 14. Bf3 f4 15. c5 Bh3
16. Bg2 Qd7 17. cxd6 cxd6 18. f3 fxg3 19. hxg3 Be3+ 20. Kh2 Bxg2 21. Kxg2 Bd4
22. Qd2 Rfc8 23. Rac1 Bxc3 24. Rxc3 Qa4 25. Rfc1 Rxc3 26. Rxc3 axb4 27. Bxb4 Nc8
28. Rc7 Nb6 29. Bxd6 Qxa2 30. Qxa2 Rxa2+ 31. Kh3 Rd2 32. Bxe5 Nxd5 33. exd5 Rxd5
34. f4 b5 35. Rg7+ Kf8 36. Rxh7 g5 37. Kg4 gxf4 38. gxf4 Ke8 39. Kf5 Rd1 40. Ke6 1-0

[Event "Olimpiade 2014 - Open"]
[Site "Tromsø"]
[Date "14.08.2014"]
[Round "11.56"]
[Board "3"]
[White "Montalvo Rosario, Alejandro"]
[Black "Jose Queralto, Daniel"]
[Result "0-1"]
[WhiteTitle "IM"]
[BlackTitle "CM"]
[WhiteElo "2296"]
[BlackElo "2122"]
[WhiteTeam "Puerto Rico"]
[BlackTeam "Andorra"]
[WhiteFideId "3100260"]
[BlackFideId "6900089"]
[EventDate "2014.08.02"]

1. d4 d5 2. Bf4 Nf6 3. e3 c5 4. c3 Nc6 5. Bd3 Qb6 6. b3 Bg4 7. f3 Bd7 8. Ne2 Nh5
9. Bg5 e5 10. dxe5 Nxe5 11. Bc2 f6 12. Bh4 O-O-O 13. Bf2 g5 14. O-O Be6 15. Nd2
Ng7 16. b4 cxb4 17. cxb4 Bxb4 18. Rb1 Nc4 19. Nxc4 dxc4 20. Nd4 Qa5 21. Qe2 Bf7
22. Be4 f5 23. Nxf5 Nxf5 24. Bxf5+ Qxf5 25. Rxb4 Qd3 26. Qb2 c3 27. Qa3 c2 28.
Qb2 Qxf1+ 29. Kxf1 Rd1+ 30. Ke2 c1=Q 31. Qxh8+ Rd8 0-1

[Event "Olimpiade 2014 - Open"]
[Site "Tromsø"]
[Date "14.08.2014"]
[Round "11.56"]
[Board "4"]
[White "Ribera Bazan, Jose"]
[Black "Santana Otero, Orlando"]
[Result "0-1"]
[WhiteElo "2117"]
[BlackElo "2125"]
[WhiteTeam "Andorra"]
[BlackTeam "Puerto Rico"]
[WhiteFideId "6900305"]
[BlackFideId "3100090"]
[EventDate "2014.08.02"]

1. d4 Nf6 2. c4 d6 3. Nc3 g6 4. e4 Bg7 5. Nf3 O-O 6. Be2 e5 7. d5 h6 8. O-O Nbd7
9. Qc2 Nh7 10. g3 Ng5 11. Nh4 Nf6 12. Be3 Qe7 13. b4 Bh3 14. Rfc1 Ng4 15. Bd2
Kh7 16. f3 Nf6 17. Be1 Nh5 18. Nd1 Bd7 19. Ne3 Bf6 20. Nhg2 Nh3+ 21. Kh1 Bg5 22.
c5 Rac8 23. c6 bxc6 24. dxc6 Be6 25. Bc4 f5 26. exf5 gxf5 27. g4 Ng7 28. Rd1 Kh8
29. Qb3 fxg4 30. Bxe6 Qxe6 31. Qxe6 Nxe6 32. fxg4 Nd4 33. Bg3 Nxc6 34. Nd5 Nd4
35. Nh4 Nf2+ 36. Kg2 Bxh4 37. Bxh4 Nxd1 38. Rxd1 Kg7 39. Bf2 Ne6 40. Rc1 Nf4+
41. Nxf4 Rxf4 0-1

[Event "Olimpiade 2014 - Open"]
[Site "Tromsø"]
[Date "14.08.2014"]
[Round "11.57"]
[Board "1"]
[White "Munoz Santana, Jose Lisandro"]
[Black "De Mey, Juan Pablo"]
[Result "1-0"]
[WhiteTitle "IM"]
[BlackTitle "FM"]
[WhiteElo "2438"]
[BlackElo "1937"]
[WhiteTeam "Dominican Republic"]
[BlackTeam "Aruba"]
[WhiteFideId "6400361"]
[BlackFideId "15900312"]
[EventDate "2014.08.02"]

1. e4 c5 2. Nf3 d6 3. Bb5+ Bd7 4. Bxd7+ Qxd7 5. O-O Nc6 6. Qe2 e5 7. c3 h6 8.
Rd1 g5 9. Na3 Bg7 10. Nc2 Nge7 11. d4 g4 12. Nh4 Bf6 13. Nf5 Nxf5 14. exf5 cxd4
15. cxd4 O-O-O 16. dxe5 Bxe5 17. Qxg4 h5 18. Qf3 Rdg8 19. Bd2 Rg4 20. h3 Rg7 21.
Bc3 Rhg8 22. Ne3 Bxc3 23. bxc3 Ne5 24. Qd5 Rxg2+ 25. Nxg2 Qxf5 26. Rab1 Nf3+ 27.
Kf1 Nh2+ 28. Ke1 Qxd5 29. Rxd5 Rxg2 30. Ke2 Rg6 31. Rd3 Re6+ 32. Re3 1-0

[Event "Olimpiade 2014 - Open"]
[Site "Tromsø"]
[Date "14.08.2014"]
[Round "11.57"]
[Board "2"]
[White "Seijp V/d, Quintin"]
[Black "Puntier Andujar, William Staling"]
[Result "0-1"]
[BlackTitle "FM"]
[WhiteElo "1883"]
[BlackElo "2333"]
[WhiteTeam "Aruba"]
[BlackTeam "Dominican Republic"]
[WhiteFideId "15900428"]
[BlackFideId "6400299"]
[EventDate "2014.08.02"]

1. d4 d5 2. c4 c6 3. Nc3 Nf6 4. Nf3 a6 5. c5 b6 6. Na4 Nbd7 7. cxb6 Nxb6 8. Ne5
e6 9. Bd2 Nxa4 10. Qxa4 Bd7 11. Rc1 c5 12. Nxd7 Qxd7 13. Qxd7+ Nxd7 14. e3 c4
15. b3 Ba3 16. Rc2 Rb8 17. Be2 cxb3 18. axb3 O-O 19. O-O Rxb3 20. Bxa6 Nf6 21.
Rc3 Rxc3 22. Bxc3 Ne4 23. Ra1 Bd6 24. Be1 Ra8 25. f3 Nf6 26. Ra2 g6 27. Bc4 Rc8
28. Bd3 Rc1 29. Kf2 Bxh2 30. Bb4 h5 31. Be7 Kg7 32. Bxf6+ Kxf6 33. Rc2 Bg1+ 34.
Ke2 Ra1 35. Rb2 Bh2 36. e4 Bg1 37. exd5 exd5 38. Rb6+ Kg7 39. Rb5 Ra2+ 40. Kf1
Be3 41. Rxd5 Rf2+ 42. Ke1 Rxg2 43. Rd8 h4 44. Bf1 Rf2 45. d5 Rxf3 46. Ke2 Rg3
47. d6 Bg5 48. Re8 h3 49. Kf2 Bh4 50. Re4 Rg4+ 51. Kf3 h2 52. Bg2 Rg3+ 53. Kf2
Rh3+ 0-1

[Event "Olimpiade 2014 - Open"]
[Site "Tromsø"]
[Date "14.08.2014"]
[Round "11.57"]
[Board "3"]
[White "Michelen Rodriguez, Victor Isaac"]
[Black "Bueno, Mark"]
[Result "1-0"]
[WhiteElo "2239"]
[BlackElo "1828"]
[WhiteTeam "Dominican Republic"]
[BlackTeam "Aruba"]
[WhiteFideId "6401317"]
[BlackFideId "15900371"]
[EventDate "2014.08.02"]

1. c4 Nf6 2. Nc3 d5 3. d4 e6 4. Bg5 Bb4 5. Qb3 Bxc3+ 6. bxc3 c6 7. e3 O-O 8. Nf3
Nbd7 9. cxd5 exd5 10. Be2 h6 11. Bh4 Qa5 12. Nd2 Re8 13. O-O Ne4 14. Nxe4 Rxe4
15. Bg3 Re8 16. c4 dxc4 17. Bxc4 Qh5 18. Rfe1 Nb6 19. Be2 Qd5 20. Qb4 Qd8 21.
Rab1 Nd5 22. Qd2 b6 23. Bd3 Nf6 24. f3 Bb7 25. Rbd1 Qd7 26. Bb1 Rad8 27. Qc2 g6
28. Bh4 Qe6 29. a3 Kg7 30. e4 Rc8 31. Qb2 g5 32. Bg3 Kg8 33. d5 Qe7 34. d6 Qd8
35. e5 Nd7 36. Qc2 1-0

[Event "Olimpiade 2014 - Open"]
[Site "Tromsø"]
[Date "14.08.2014"]
[Round "11.57"]
[Board "4"]
[White "Croes, Octavio"]
[Black "Polanco Nunez, Yoel Estarling"]
[Result "0-1"]
[WhiteTitle "CM"]
[WhiteElo "1892"]
[BlackElo "2157"]
[WhiteTeam "Aruba"]
[BlackTeam "Dominican Republic"]
[WhiteFideId "1007220"]
[BlackFideId "6401783"]
[EventDate "2014.08.02"]

1. d4 Nf6 2. c4 e6 3. Nf3 d5 4. g3 c6 5. Bg2 Nbd7 6. O-O dxc4 7. Nc3 Nd5 8. Ne5
Nxc3 9. bxc3 Nxe5 10. dxe5 Qxd1 11. Rxd1 Bc5 12. a4 f6 13. exf6 gxf6 14. a5 Bd7
15. Ra4 b6 16. axb6 Bxb6 17. Rxc4 Rc8 18. Rg4 Bc5 19. Rg7 Be7 20. Ba3 c5 21. c4
h5 22. Bb2 Bc6 23. Bxc6+ Rxc6 24. Rg5 Rb6 25. Ba1 Kf7 26. g4 Rhb8 27. Bxf6 Rb1
28. Rxb1 Rxb1+ 29. Kg2 Kxf6 30. Rxh5 a5 31. Rh7 Rb7 32. Rh3 a4 33. Ra3 Rb4 34.
Rc3 Rb3 35. Rc1 a3 36. Ra1 Kg5 37. f3 Bf6 38. h4+ Kxh4 39. Rh1+ Kg5 40. Rh5+ Kg6
41. Rxc5 a2 0-1

[Event "Olimpiade 2014 - Open"]
[Site "Tromsø"]
[Date "14.08.2014"]
[Round "11.58"]
[Board "1"]
[White "Liu, Yeh Yang"]
[Black "Chipanga, Chiletso"]
[Result "0-1"]
[BlackTitle "CM"]
[WhiteElo "1920"]
[BlackElo "2060"]
[WhiteTeam "Chinese Taipei"]
[BlackTeam "Malawi"]
[WhiteFideId "16300416"]
[BlackFideId "16400119"]
[EventDate "2014.08.02"]

1. e4 d5 2. exd5 Nf6 3. c4 c6 4. d4 cxd5 5. Nc3 Nc6 6. Nf3 Bg4 7. cxd5 Nxd5 8.
Bc4 e6 9. h3 Bxf3 10. Qxf3 Nxd4 11. Qe4 Nf6 12. Qd3 Be7 13. Nb5 Bb4+ 14. Bd2
Bxd2+ 15. Qxd2 Nxb5 16. Bxb5+ Ke7 17. Bd3 Qd6 18. O-O Rhd8 19. Rad1 h6 20. Qe3
Nd5 21. Qf3 Qf4 22. Qe2 Qg5 23. Bc4 Rac8 24. Bb3 a5 25. Qf3 b5 26. Rfe1 Nf6 27.
Qb7+ Kf8 28. Bc2 Qc5 29. Bd3 b4 30. Qf3 Qd5 31. Qe2 Qg5 32. g3 Rd6 33. a3 bxa3
34. bxa3 Nd5 35. Qb2 Rb6 36. Qd4 Qf6 37. Qe4 Rb2 38. Rf1 Nc3 39. Qh7 Rd8 40.
Rde1 Ke7 41. f4 Qd4+ 42. Kh1 Qxd3 43. Rxe6+ Kxe6 44. Re1+ Kf6 0-1

[Event "Olimpiade 2014 - Open"]
[Site "Tromsø"]
[Date "14.08.2014"]
[Round "11.58"]
[Board "2"]
[White "Chimthere, Alfred Charles"]
[Black "Yang Ching Wei, Austin"]
[Result "1-0"]
[WhiteElo "2017"]
[BlackElo "1883"]
[WhiteTeam "Malawi"]
[BlackTeam "Chinese Taipei"]
[WhiteFideId "16400046"]
[BlackFideId "16300440"]
[EventDate "2014.08.02"]

1. d4 Nf6 2. Nf3 g6 3. c4 Bg7 4. Nc3 d5 5. Bf4 O-O 6. e3 c5 7. Be2 Qa5 8. O-O
cxd4 9. exd4 Nc6 10. c5 Bg4 11. a3 Qd8 12. h3 Bxf3 13. Bxf3 e6 14. b4 Ne8 15.
Ne2 Qf6 16. Be3 Nc7 17. Qb3 a5 18. b5 a4 19. Qd3 Na5 20. b6 Na6 21. Rac1 Nb8 22.
Rfd1 Nbc6 23. Rb1 Nb3 24. Rxb3 axb3 25. Qxb3 Ra5 26. Nc3 Rfa8 27. Nb5 Qh4 28.
Kh2 Qe7 29. Qd3 Ra4 30. Qf1 Rd8 31. Rd2 Raa8 32. Qe2 Na5 33. Bf4 Nc4 34. Rd3 Qd7
35. Nd6 Nxa3 36. Be5 Bf8 37. Rd1 Bxd6 38. Bxd6 Nc4 39. Bc7 Rdc8 40. Bg3 Ra3 41.
Qf1 Rca8 42. Be2 R8a4 43. Rc1 Nd2 44. Qe1 Ne4 45. Bc7 Rxd4 46. f3 Ra2 47. Ra1
Rxa1 48. Qxa1 Ra4 49. Qc1 Nf6 50. Qb2 Qe7 51. Bb5 Ra8 52. Be5 Nd7 53. Bd6 Qd8
54. Bc7 Qc8 55. Bxd7 Qxd7 56. Qf6 1-0

[Event "Olimpiade 2014 - Open"]
[Site "Tromsø"]
[Date "14.08.2014"]
[Round "11.58"]
[Board "3"]
[White "Ho, Jei-Chen"]
[Black "Nyambalo, Joseph Xavier"]
[Result "1-0"]
[BlackTitle "CM"]
[WhiteElo "1808"]
[BlackElo "2115"]
[WhiteTeam "Chinese Taipei"]
[BlackTeam "Malawi"]
[WhiteFideId "16300599"]
[BlackFideId "20500041"]
[EventDate "2014.08.02"]

1. d4 Nf6 2. c4 e5 3. dxe5 Ng4 4. Nf3 Bc5 5. e3 Nc6 6. Be2 Ngxe5 7. O-O O-O 8.
a3 a5 9. Nc3 d6 10. b3 Nxf3+ 11. Bxf3 Ne5 12. Bb2 Qf6 13. Be2 Qg6 14. Nd5 Kh8
15. Bh5 Qe4 16. Nxc7 Rb8 17. Qd5 Qxd5 18. Nxd5 b5 19. Bxe5 dxe5 20. b4 Ba7 21.
c5 Be6 22. e4 f5 23. Be2 fxe4 24. Nc3 Bc4 25. Bxc4 bxc4 26. Nxe4 Rfd8 27. Nd6
Kg8 28. Nxc4 axb4 29. axb4 Rxb4 30. Nxe5 Bxc5 31. Nc6 Rf8 32. Nxb4 Bxb4 33. Rab1
Bc5 34. Rb7 h6 35. g3 Kh7 36. Kg2 Rf6 37. f4 Ra6 38. h4 Bd4 39. h5 Ra5 40. g4
Ra2+ 41. Kg3 Bf6 42. Rb3 Kg8 43. Rc1 Kh7 44. Rc8 Ra7 45. Re3 Re7 46. Rxe7 Bxe7
47. Kf3 Bf6 48. Ke4 g6 49. Rc7+ Bg7 50. f5 1-0

[Event "Olimpiade 2014 - Open"]
[Site "Tromsø"]
[Date "14.08.2014"]
[Round "11.60"]
[Board "1"]
[White "Holland, Christopher"]
[Black "Hamal, Manish"]
[Result "1-0"]
[BlackTitle "FM"]
[WhiteElo "2270"]
[BlackElo "2068"]
[WhiteTeam "Guernsey"]
[BlackTeam "Nepal"]
[WhiteFideId "10700072"]
[BlackFideId "12300110"]
[EventDate "2014.08.02"]

1. e4 e6 2. d4 d5 3. Nc3 Nf6 4. Bg5 Be7 5. e5 Nfd7 6. Bxe7 Qxe7 7. f4 f6 8. Qd2
O-O 9. O-O-O fxe5 10. fxe5 c5 11. Nb5 Nc6 12. c3 a6 13. Nd6 b5 14. Nf3 b4 15.
Bd3 bxc3 16. bxc3 cxd4 17. cxd4 Nxd4 18. Bxh7+ Kxh7 19. Qxd4 Kg8 20. Kb1 a5 21.
Ka1 Ba6 22. Rb1 Be2 23. Rb3 Ra6 24. Rc1 Rxd6 25. exd6 Qxd6 26. Ng5 Rf5 27. Rc8+
Nf8 28. Rbb8 Qa3 29. Rxf8+ Rxf8 30. Rxf8+ Kxf8 31. Qf4+ 1-0

[Event "Olimpiade 2014 - Open"]
[Site "Tromsø"]
[Date "14.08.2014"]
[Round "11.60"]
[Board "2"]
[White "Rajbhandari, Rijendra"]
[Black "Rowe, Peter"]
[Result "1-0"]
[BlackTitle "CM"]
[WhiteElo "2061"]
[BlackElo "1976"]
[WhiteTeam "Nepal"]
[BlackTeam "Guernsey"]
[WhiteFideId "12300403"]
[BlackFideId "10700099"]
[EventDate "2014.08.02"]

1. d4 d6 2. c4 Nf6 3. g3 Nbd7 4. Nc3 e5 5. Nf3 Be7 6. Bg2 O-O 7. O-O c6 8. e4 a6
9. a4 a5 10. h3 Re8 11. Be3 b6 12. Qc2 Qc7 13. Rac1 Ba6 14. b3 Rac8 15. Qd2 Bf8
16. Rfd1 Bb7 17. Qc2 Qb8 18. Re1 Rcd8 19. Rcd1 Qc7 20. Nh4 g6 21. Qd2 exd4 22.
Bxd4 Bg7 23. Be3 Nc5 24. Qc2 Na6 25. f4 Nb4 26. Qf2 c5 27. Nb5 Qe7 28. e5 dxe5
29. fxe5 Rxd1 30. Rxd1 Ne4 31. Bxe4 Bxe4 32. Nd6 Nd3 33. Qf1 Rd8 34. Nxe4 Nxe5
35. Bg5 Rxd1 36. Bxe7 Rxf1+ 37. Kxf1 Nd3 38. Nf6+ Kh8 39. Nf3 Nc1 40. Ne5 Bxf6
41. Bxf6+ Kg8 42. Nd7 Nxb3 43. Nxb6 Nd2+ 44. Kg2 Ne4 45. Nd7 Nd6 46. Nxc5 Nxc4
47. Kf3 Kf8 48. Ke4 Nd6+ 49. Kd5 Nf5 50. g4 Ne3+ 51. Ke4 Nc4 52. Kd4 Nd2 53. Kd3
Nf1 54. Ke2 Nh2 55. g5 1-0

[Event "Olimpiade 2014 - Open"]
[Site "Tromsø"]
[Date "14.08.2014"]
[Round "11.60"]
[Board "3"]
[White "Brookfield, Toby"]
[Black "Maharjan, Sajin"]
[Result "0-1"]
[WhiteTitle "CM"]
[WhiteElo "1889"]
[BlackElo "1980"]
[WhiteTeam "Guernsey"]
[BlackTeam "Nepal"]
[WhiteFideId "10700234"]
[BlackFideId "12301906"]
[EventDate "2014.08.02"]

1. e4 c5 2. Nf3 Nc6 3. d4 cxd4 4. Nxd4 Nf6 5. Nc3 g6 6. Be3 Bg7 7. Bc4 Qa5 8.
O-O O-O 9. Nb3 Qd8 10. f4 d6 11. Be2 Ne8 12. Bf3 f5 13. exf5 gxf5 14. Nd4 Bd7
15. Bd5+ Kh8 16. Ne6 Bxe6 17. Bxe6 Nc7 18. Bb3 e6 19. Qh5 Qf6 20. Rad1 d5 21.
Bc1 Rad8 22. Ne2 b5 23. c3 Ne8 24. Be3 Qf7 25. Qf3 Nf6 26. Nd4 Nxd4 27. Bxd4 Ne4
28. Bxg7+ Qxg7 29. Qe2 a6 30. Bc2 Rf6 31. a4 Qa7+ 32. Kh1 Ng3+ 0-1